000 00423nam a2200121 a 4500
001 000045984
005 20201002052548.0
008 150605s2015 000 spa d
040 _aDO-SdBNP
_bspa
_cBNPHU
245 0 _aCatálogo de la provincia antillense de la compañía de Jesús.
260 _aSanto Domingo, República Dominicana, :
_bCompañía de Jesús Provincia de las Antillas,
_c2015.
300 _a70 p. : ;
_c21 cm.
999 _c45473
_d45473